The leadership mind switch : rethinking how we lead in the new world of work

Bibliographic Details
Main Authors: Benton, D. A. [ (Debra A.)] (Author), Ford-Wright, Kylie (Author)
Format: Book
Language:English
Published: New York : McGraw-Hill Education [2017]
Subjects:

MARC

LEADER 00000cam a2200000 7i4500
001 0000028910
005 20241125.0
008 200827 nyu eng
020 |a 9781259836046 
040 |a INS   |b eng   |e rda 
090 0 0 |a HD57.7   |b B4668 2017 
100 1 |a Benton, D. A. [  |q (Debra A.)] ,   |e author 
245 1 4 |a The leadership mind switch :   |b rethinking how we lead in the new world of work   |c D. A. Benton, Kylie Wright-Ford. 
264 1 |a New York :   |b McGraw-Hill Education   |c [2017] 
300 |a xi, 269 pages ;   |c 24 cm. 
336 |a text  |2 rdacontent 
337 |a unmediated  |2 rdamedia 
338 |a volume  |2 rdacarrier 
504 |a ncludes bibliographical references and index 
505 0 |a Introduction: the fourth industrial revolution -- The changing world of leadership -- Rethinking our leadership qualities -- Developing our leadership behaviors -- Good leaders start as good followers -- The ups and downs of being a leader -- Basic leadership responsibilities -- Creating culture in the new world of work -- Addressing feedback and rewards -- Prioritizing decisions -- Managing conflict and handling controversy -- Conclusion: getting results 
650 0 |a Leadership 
700 1 |a Ford-Wright, Kylie ,   |e author 
999 |a 0000024709   |b BOOK   |c Open Shelf   |e Default branch